Public speaking : (Record no. 1576)

000 -LEADER
fixed length control field 00961cam a2200289 i 4500
001 - CONTROL NUMBER
control field 17962478
003 - CONTROL NUMBER IDENTIFIER
control field OSt
005 - DATE AND TIME OF LATEST TRANSACTION
control field 20150323162014.0
008 - FIXED-LENGTH DATA ELEMENTS--GENERAL INFORMATION
fixed length control field 131204s2015 mauab b s001 0 eng
010 ## - LIBRARY OF CONGRESS CONTROL NUMBER
LC control number 2013042939
020 ## - INTERNATIONAL STANDARD BOOK NUMBER
International Standard Book Number 9780205914630
020 ## - INTERNATIONAL STANDARD BOOK NUMBER
International Standard Book Number 0205914632
040 ## - CATALOGING SOURCE
Original cataloging agency DLC
Language of cataloging eng
Transcribing agency DLC
Description conventions rda
Modifying agency DLC
042 ## - AUTHENTICATION CODE
Authentication code pcc
050 00 - LIBRARY OF CONGRESS CALL NUMBER
Classification number PN4129.15.B43 2015
082 00 - DEWEY DECIMAL CLASSIFICATION NUMBER
Classification number 808.5/1
Edition number 23
100 1# - MAIN ENTRY--PERSONAL NAME
Personal name Beebe, Steven A.,
Dates associated with a name 1950-
245 10 - TITLE STATEMENT
Title Public speaking :
Remainder of title an audience-centered approach /
Statement of responsibility, etc Steven A. Beebe, Texas State University, Susan J. Beebe, Texas State University.
250 ## - EDITION STATEMENT
Edition statement Ninth Edition.
300 ## - PHYSICAL DESCRIPTION
Extent xxvi, 402 pages :
Other physical details color illustrations, color map ;
Dimensions 28 cm
650 #0 - SUBJECT ADDED ENTRY--TOPICAL TERM
Topical term or geographic name as entry element Public speaking.
650 #0 - SUBJECT ADDED ENTRY--TOPICAL TERM
Topical term or geographic name as entry element Oral communication.
700 1# - ADDED ENTRY--PERSONAL NAME
Personal name Beebe, Susan J.
906 ## - LOCAL DATA ELEMENT F, LDF (RLIN)
a 7
b cbc
c orignew
d 1
e ecip
f 20
g y-gencatlg
942 ## - ADDED ENTRY ELEMENTS (KOHA)
Source of classification or shelving scheme
Koha item type Book
Holdings
Withdrawn status Lost status Source of classification or shelving scheme Damaged status Not for loan Home library Current library Shelving location Date acquired Total Checkouts Total Renewals Full call number Barcode Date last seen Date checked out Copy number Price effective from Koha item type
          Riara University Library Riara University Library General stack 23/03/2015 3 2 PN4129.15.B43 2015 5403/15 28/02/2024 18/09/2023 C.1 23/03/2015 Book
          Riara University Library Riara University Library General stack 23/03/2015 7   PN4129.15.B43 2015 5404/15 09/06/2017 05/06/2017 C.2 23/03/2015 Book
          Riara University Library Riara University Library General stack 23/03/2015 3   PN4129.15.B43 2015 5405/15 12/09/2018 05/09/2018 C.3 23/03/2015 Book

Riara University Library,
P.O. Box 49940-00100,
Nairobi, Kenya.